[Event "Russian Championship B13 2016"]
[Site "Loo"]
[Date "2016.04.26"]
[Round "7.18"]
[White "Averyanov, Grigori"]
[Black "Breskanu, Nikita"]
[Result "1/2-1/2"]
[WhiteElo "1716"]
[BlackElo "1810"]
[PlyCount "94"]
[EventDate "2016.04.20"]

1. d4 Nf6 2. c4 g6 3. Nf3 Bg7 4. Nc3 d6 5. e4 O-O 6. Be2 Nbd7 7. Bg5 h6 8. Bh4
e5 9. O-O Qe8 10. Nb5 g5 11. dxe5 Nxe5 12. Bg3 Nxf3+ 13. gxf3 Qe7 14. c5 Ne8
15. cxd6 cxd6 16. Bxd6 Nxd6 17. Qxd6 Qxd6 18. Nxd6 Rd8 19. Rad1 Bh3 20. Rfe1
Bxb2 21. Rd3 b6 22. Red1 Be5 23. Nc4 Rxd3 24. Rxd3 Bf4 25. Rd1 Rc8 26. Bd3 h5
27. Ne3 Be6 28. Nd5 Kg7 29. h4 Rd8 30. Be2 f6 31. Kg2 Bxd5 32. Rxd5 Rxd5 33.
exd5 Kf8 34. Bd3 Kg7 35. Kh3 Kf7 36. Bf5 Ke7 37. Bg6 Kd6 38. Bxh5 Kxd5 39. Bf7+
Ke5 40. h5 f5 41. h6 Kf6 42. h7 Kg7 43. Bg6 b5 44. Bxf5 b4 45. Kg4 a5 46. Bc2
Bd2 47. Kh5 Bf4 1/2-1/2

[Event "Russian Championship B13 2016"]
[Site "Loo"]
[Date "2016.04.26"]
[Round "7.19"]
[White "Kataev, Aleksandr"]
[Black "Erokhin, Artem"]
[Result "1/2-1/2"]
[WhiteElo "1800"]
[BlackElo "1655"]
[PlyCount "80"]
[EventDate "2016.04.20"]

1. d4 Nf6 2. c4 c5 3. d5 b5 4. cxb5 a6 5. bxa6 g6 6. Nc3 Bxa6 7. e4 Bxf1 8.
Kxf1 d6 9. Nf3 Bg7 10. g3 Nbd7 11. Kg2 O-O 12. Bf4 Qb6 13. Qc2 Rfb8 14. Rab1
Ng4 15. h3 Nge5 16. Bxe5 Nxe5 17. Nd2 Qb4 18. Rhe1 Nc4 19. Nxc4 Qxc4 20. Ra1
Bxc3 21. Qxc3 Qxc3 22. bxc3 Ra3 23. Re2 Rxc3 24. a4 Rcb3 25. a5 Ra8 26. a6 Kf8
27. a7 Ke8 28. Ra6 Kd7 29. f4 f6 30. e5 fxe5 31. fxe5 dxe5 32. Rxe5 c4 33. Rae6
Rxa7 34. Rxe7+ Kd6 35. R5e6+ Kxd5 36. Re5+ Kd6 37. R5e6+ Kd5 38. Re5+ Kd6 39.
R5e6+ Kd5 40. Re5+ Kd6 1/2-1/2

[Event "Russian Championship B13 2016"]
[Site "Loo"]
[Date "2016.04.26"]
[Round "7.20"]
[White "Khaliullin, Albert"]
[Black "Kulaev, Maxim"]
[Result "1/2-1/2"]
[WhiteElo "1689"]
[BlackElo "1966"]
[PlyCount "150"]
[EventDate "2016.04.20"]

1. e4 c5 2. Nf3 d6 3. Bb5+ Bd7 4. Bxd7+ Qxd7 5. O-O Nc6 6. c3 Nf6 7. d4 e6 8.
d5 Nd8 9. Re1 Be7 10. c4 e5 11. Nbd2 O-O 12. Nf1 Ne8 13. Ng3 g6 14. Ng5 f6 15.
Nh3 Ng7 16. f4 Nf7 17. Bd2 b5 18. b3 b4 19. a3 a5 20. a4 h6 21. Qc2 g5 22. fxg5
fxg5 23. Rf1 g4 24. Nf2 Ng5 25. Nfh1 h5 26. Nf5 Nxf5 27. Rxf5 Rxf5 28. exf5 Rf8
29. Rf1 h4 30. Bxg5 Bxg5 31. Qe4 Qg7 32. Re1 Bd2 33. Re2 Bc3 34. g3 Bd4+ 35.
Nf2 Qg5 36. Kh1 Qxf5 37. Qxf5 Rxf5 38. Nxg4 Rf1+ 39. Kg2 Rg1+ 40. Kh3 hxg3 41.
hxg3 Rb1 42. Nh6+ Kf8 43. Nf5 Rxb3 44. Nxd6 Rd3 45. Nb5 b3 46. Nxd4 Rxd4 47.
Rb2 Rxc4 48. Rxb3 Rxa4 49. Rb5 c4 50. Rc5 Ke7 51. Rc6 Rb4 52. Kg4 a4 53. Kf5 a3
54. Ra6 Rb3 55. Kxe5 c3 56. d6+ Kd7 57. Ra7+ Kc6 58. Rc7+ Kb6 59. Rc8 c2 60.
Rxc2 Rxg3 61. d7 Rd3 62. Ke6 Re3+ 63. Kf7 Rf3+ 64. Ke8 Re3+ 65. Kd8 Rd3 66. Kc8
Kb5 67. Rh2 Kb4 68. Rh4+ Kb3 69. Rh3 Rxh3 70. d8=Q Rc3+ 71. Kb7 a2 72. Qd5+ Kb2
73. Qd2+ Kb3 74. Qd1+ Kb2 75. Qd2+ Kb3 1/2-1/2

[Event "Russian Championship B13 2016"]
[Site "Loo"]
[Date "2016.04.26"]
[Round "7.21"]
[White "Tsyrendashiev, Bato"]
[Black "Polyanskiy, Vladislav"]
[Result "1/2-1/2"]
[WhiteElo "1687"]
[BlackElo "1873"]
[PlyCount "99"]
[EventDate "2016.04.20"]

1. e4 e6 2. d4 d5 3. Nd2 Be7 4. Ngf3 Nf6 5. Bd3 c5 6. c3 Nc6 7. O-O Qb6 8. Re1
cxd4 9. cxd4 Nb4 10. Bb1 dxe4 11. Nxe4 Nbd5 12. a3 Bd7 13. Nc3 Nxc3 14. bxc3
Rc8 15. Ne5 Bb5 16. a4 Bc4 17. Nxc4 Rxc4 18. Bd3 Rxc3 19. Bb5+ Kf8 20. Bb2 Rc7
21. d5 Nxd5 22. Be5 Rc8 23. Qf3 Bf6 24. Rab1 Qd8 25. Bg3 g6 26. h4 h5 27. Bd3
Kg7 28. Rxb7 Re8 29. Qe4 Re7 30. Rxe7 Qxe7 31. Ba6 Nc3 32. Qd3 Rc6 33. Bb7 Rb6
34. Bf3 Qa3 35. a5 Rb5 36. Qd7 Qe7 37. Qc6 Rc5 38. Qa6 Qd7 39. Bb8 Qb5 40. Qxa7
Qxa5 41. Qd7 Qb5 42. Qd6 Nd5 43. Qg3 Rc6 44. Bxh5 Qb4 45. Rf1 Qxh4 46. Qxh4
Bxh4 47. Bf3 Rb6 48. Ba7 Ra6 49. Bc5 Bf6 50. Rd1 1/2-1/2

[Event "Russian Championship B13 2016"]
[Site "Loo"]
[Date "2016.04.26"]
[Round "7.22"]
[White "Makhlin, Miron"]
[Black "Grankin, Alexey"]
[Result "1-0"]
[WhiteElo "1788"]
[BlackElo "1734"]
[PlyCount "119"]
[EventDate "2016.04.20"]

1. d4 d5 2. c4 e6 3. Nf3 Nf6 4. g3 c6 5. Bg2 Nbd7 6. O-O Be7 7. Qc2 O-O 8. Rd1
Re8 9. b3 a5 10. Nbd2 b5 11. e4 dxe4 12. Nxe4 Bb7 13. Ne5 Qc7 14. Bb2 Rac8 15.
Rac1 Nxe5 16. dxe5 Ng4 17. Nd6 Bxd6 18. exd6 Qd7 19. c5 Rcd8 20. h3 Nh6 21. g4
b4 22. f4 f5 23. g5 Nf7 24. Re1 Ba6 25. h4 Bb5 26. Qf2 Qa7 27. Qd4 Nh8 28. h5
Rd7 29. Re3 Rf7 30. Rce1 Qd7 31. Qe5 Ba6 32. Bh3 Kf8 33. Rg3 Bc8 34. Bg2 Bb7
35. Rge3 Bc8 36. Kf2 Ba6 37. g6 hxg6 38. h6 Bc8 39. hxg7+ Rxg7 40. Qxg7+ Qxg7
41. Bxg7+ Kxg7 42. Bxc6 Rd8 43. Rd1 Kf6 44. Bb5 Nf7 45. d7 Bxd7 46. Rxd7 Rc8
47. c6 Nh6 48. c7 Ng4+ 49. Ke2 Nxe3 50. Kxe3 e5 51. Ba6 exf4+ 52. Kxf4 g5+ 53.
Kf3 g4+ 54. Kf2 Rh8 55. c8=Q Rh2+ 56. Kg1 g3 57. Qf8+ Kg5 58. Rd4 Rxa2 59. Qg7+
Kh5 60. Rd6 1-0

[Event "Russian Championship B13 2016"]
[Site "Loo"]
[Date "2016.04.26"]
[Round "7.23"]
[White "Goren, Aleksandr"]
[Black "Radochin, Oleg"]
[Result "1-0"]
[WhiteElo "1777"]
[BlackElo "1729"]
[PlyCount "79"]
[EventDate "2016.04.20"]

1. e4 c5 2. Nf3 Nc6 3. d4 cxd4 4. Nxd4 g6 5. Nc3 Bg7 6. Be3 Nf6 7. Be2 O-O 8.
f4 d6 9. Nb3 a5 10. a4 Nb4 11. Bf3 Qc7 12. O-O Bd7 13. Rf2 Rac8 14. Nd4 Na6 15.
Ndb5 Bxb5 16. Nxb5 Qc4 17. e5 Ne4 18. Bxe4 Qxe4 19. Qd4 Qxd4 20. Bxd4 dxe5 21.
fxe5 Nb4 22. c3 Nc6 23. Re1 Nxd4 24. Nxd4 Rc4 25. Nb3 b6 26. e6 f5 27. Rd2 Rxa4
28. Rd7 Bf6 29. Rb7 Ra2 30. Rb1 Bg5 31. Kf2 a4 32. Nd4 a3 33. Rxb6 axb2 34.
R1xb2 Rxb2+ 35. Rxb2 Rc8 36. Rc2 Bf4 37. g3 Be5 38. Ke3 Kg7 39. Kd3 Kf6 40. Re2
1-0

[Event "Russian Championship B13 2016"]
[Site "Loo"]
[Date "2016.04.26"]
[Round "7.25"]
[White "Kozubov, Mikhail"]
[Black "Kharitonov, Egor"]
[Result "0-1"]
[WhiteElo "1687"]
[BlackElo "1782"]
[PlyCount "124"]
[EventDate "2016.04.20"]

1. d4 d5 2. c4 e6 3. e3 c6 4. Nc3 Nf6 5. Nf3 Nbd7 6. Be2 dxc4 7. Bxc4 b5 8. Be2
a6 9. O-O c5 10. Ne5 cxd4 11. exd4 Bb7 12. f4 Be7 13. Bf3 Qc7 14. Be3 Rc8 15.
Rc1 Qb8 16. Qe1 Bxf3 17. Rxf3 Bb4 18. a3 Bxc3 19. bxc3 Nd5 20. Nxd7 Kxd7 21.
Bd2 g6 22. Qe5 Qd6 23. Ra1 Nb6 24. Qxd6+ Kxd6 25. g4 f5 26. h3 h5 27. Rg3 hxg4
28. hxg4 Rh4 29. gxf5 gxf5 30. Re1 Rch8 31. Rg6 Rh1+ 32. Kf2 Rxe1 33. Bxe1 Nc4
34. Rg7 Kc6 35. Ra7 Kb6 36. Rd7 Nxa3 37. Rd6+ Ka5 38. Rxe6 Nc4 39. d5 Rd8 40.
d6 Rxd6 41. Rxd6 Nxd6 42. c4+ Ka4 43. cxb5 axb5 44. Ke3 b4 45. Bxb4 Kxb4 46.
Kd4 Ne4 47. Ke5 Ng3 48. Kd4 Kb3 49. Kd3 Nh5 50. Kd4 Kc2 51. Kc4 Kd2 52. Kd4 Ke2
53. Ke5 Ng3 54. Kf6 Kf3 55. Ke5 Kg4 56. Kd4 Kxf4 57. Kd3 Kf3 58. Kd2 Kf2 59.
Kd1 f4 60. Kd2 f3 61. Kd1 Ke3 62. Ke1 f2+ 0-1

[Event "Russian Championship B13 2016"]
[Site "Loo"]
[Date "2016.04.26"]
[Round "7.26"]
[White "Mishuris, Matvey"]
[Black "Butorov, Lev"]
[Result "1-0"]
[WhiteElo "1784"]
[BlackElo "1571"]
[PlyCount "51"]
[EventDate "2016.04.20"]

1. d4 d5 2. c4 e6 3. Nc3 Nf6 4. cxd5 exd5 5. Bg5 c6 6. e3 Bf5 7. Bd3 Bxd3 8.
Qxd3 Nbd7 9. Nge2 Bd6 10. h3 Qc7 11. Rc1 a6 12. O-O O-O 13. f3 Qb8 14. e4 dxe4
15. fxe4 Qa7 16. Kh1 Bc7 17. e5 Nd5 18. Nxd5 Nxe5 19. dxe5 Bxe5 20. Ne7+ Kh8
21. Nc3 f6 22. Be3 Qb8 23. Nf5 Rd8 24. Qe2 Qc7 25. Rcd1 Rf8 26. Qf3 1-0

[Event "Russian Championship B13 2016"]
[Site "Loo"]
[Date "2016.04.26"]
[Round "7.27"]
[White "Rustamov, Sezqin"]
[Black "Egorov, Georgiy"]
[Result "1-0"]
[WhiteElo "1732"]
[BlackElo "1557"]
[PlyCount "115"]
[EventDate "2016.04.20"]

1. e4 e5 2. Nf3 Nc6 3. Bb5 a6 4. Ba4 Nf6 5. d3 Bc5 6. c3 b5 7. Bc2 d6 8. O-O
Bg4 9. h3 Bh5 10. Re1 O-O 11. Nbd2 h6 12. Nf1 d5 13. Ng3 dxe4 14. Nxh5 exf3 15.
Qxf3 Nxh5 16. Qxc6 Qd6 17. Qe4 Nf6 18. Qf3 Kh8 19. Be3 Rab8 20. Qg3 Rfe8 21. a3
e4 22. Bf4 Qb6 23. Bxc7 Bxf2+ 24. Qxf2 Qxc7 25. dxe4 Qb6 26. Rad1 Qxf2+ 27.
Kxf2 Rbd8 28. Kf3 Rd7 29. Rxd7 Nxd7 30. b3 f5 31. Re3 fxe4+ 32. Rxe4 Rxe4 33.
Kxe4 Nf6+ 34. Kd4 Nh5 35. Kc5 Nf4 36. Be4 Ne2 37. c4 bxc4 38. Kxc4 Nf4 39. b4
Ne6 40. Bb7 Nc7 41. Kc5 Nb5 42. a4 Nc3 43. a5 Na4+ 44. Kc6 Nc3 45. Bxa6 Na2 46.
b5 Nb4+ 47. Kc7 Nd5+ 48. Kd7 Nf6+ 49. Kd8 Nd5 50. b6 Nb4 51. Bb5 Nd5 52. b7 Nf4
53. b8=Q Nxg2 54. Bd3 g6 55. Ke7+ Kg7 56. Qf8+ Kh7 57. Kf7 h5 58. Bxg6# 1-0

[Event "Russian Championship B13 2016"]
[Site "Loo"]
[Date "2016.04.26"]
[Round "7.28"]
[White "Reva, Lev"]
[Black "Pestryakov, Nikita"]
[Result "1/2-1/2"]
[WhiteElo "1495"]
[BlackElo "1659"]
[PlyCount "65"]
[EventDate "2016.04.20"]

1. d4 Nf6 2. c4 c5 3. d5 b5 4. cxb5 a6 5. bxa6 Bxa6 6. Nc3 d6 7. e4 Bxf1 8.
Kxf1 g6 9. g3 Bg7 10. Nf3 Nbd7 11. Kg2 O-O 12. Qe2 Qa5 13. Bd2 Qa6 14. Rhb1
Rfb8 15. a4 Ng4 16. Nb5 Nge5 17. Nxe5 Nxe5 18. Bc3 Nd7 19. Bxg7 Kxg7 20. f4 Qb7
21. b4 cxb4 22. Rxb4 Nc5 23. Qc4 Rxa4 24. Rbxa4 Nxa4 25. Qd4+ f6 26. Nxd6 Qb2+
27. Qxb2 Rxb2+ 28. Kh3 Nc3 29. Ra7 Kf8 30. Ra8+ Kg7 31. Ra7 Kf8 32. Ra8+ Kg7
33. Ra7 1/2-1/2

[Event "Russian Championship B13 2016"]
[Site "Loo"]
[Date "2016.04.26"]
[Round "7.29"]
[White "Zheleznov, Daniil"]
[Black "Gafarov, Damir"]
[Result "1-0"]
[WhiteElo "1567"]
[BlackElo "1597"]
[PlyCount "79"]
[EventDate "2016.04.20"]

1. d4 Nf6 2. Nf3 g6 3. Nbd2 Bg7 4. e4 d6 5. Bd3 Nbd7 6. O-O O-O 7. Re1 e5 8.
dxe5 dxe5 9. b3 Nc5 10. Bc4 Nfxe4 11. Bb2 Nxd2 12. Nxd2 Re8 13. Qe2 Be6 14.
Bxe6 Rxe6 15. Rad1 Qe7 16. Ba3 b6 17. Ne4 Re8 18. Nxc5 bxc5 19. Rd5 c6 20. Bxc5
Qc7 21. Rd3 Qa5 22. Qe3 e4 23. Rd7 Qxa2 24. Rc1 Qa5 25. Rxa7 Qd8 26. Qe2 Be5
27. Rd1 Qg5 28. Rdd7 Qc1+ 29. Qd1 Qxd1+ 30. Rxd1 f5 31. Rdd7 h5 32. Kf1 Bf6 33.
Ke2 f4 34. g3 f3+ 35. Ke1 Be5 36. Kd2 Bf6 37. Ke3 Bg5+ 38. Kd4 e3 39. Rg7+ Kh8
40. Rh7+ 1-0

[Event "Russian Championship B13 2016"]
[Site "Loo"]
[Date "2016.04.26"]
[Round "7.30"]
[White "Petrushin, Dmitriy"]
[Black "Gaglazov, Mikhail"]
[Result "1-0"]
[WhiteElo "1699"]
[BlackElo "1562"]
[PlyCount "109"]
[EventDate "2016.04.20"]

1. e4 e6 2. d3 d5 3. Nd2 Nf6 4. Ngf3 c5 5. g3 Nc6 6. Bg2 dxe4 7. dxe4 e5 8. O-O
Be7 9. c3 O-O 10. Qc2 b6 11. Re1 Qc7 12. Nc4 Be6 13. Ne3 h6 14. Nh4 Rad8 15.
Nhf5 Bd6 16. Nd5 Bxd5 17. exd5 Ne7 18. Nxd6 Rxd6 19. c4 Ng6 20. b3 a6 21. Bb2
Re8 22. Re2 Rdd8 23. Rae1 b5 24. Qf5 Qd7 25. Qxd7 Rxd7 26. Bh3 Rb7 27. Bxe5
Rbe7 28. f4 Nd7 29. Bxd7 Rxd7 30. Bc3 Rde7 31. Rxe7 Rxe7 32. Rxe7 Nxe7 33. Kf2
Nc8 34. Kf3 bxc4 35. bxc4 Nb6 36. Be5 Nxc4 37. d6 Nb6 38. Ke4 f6 39. Bc3 Kf7
40. Ba5 Nc4 41. d7 Nd6+ 42. Kd5 Nb7 43. d8=Q Nxd8 44. Bxd8 Kg6 45. Kxc5 Kf5 46.
Kb6 Kg4 47. Kxa6 Kh3 48. Bc7 Kxh2 49. f5 Kg2 50. Kb5 h5 51. a4 Kh3 52. a5 Kg4
53. a6 Kxf5 54. a7 g5 55. a8=Q 1-0

[Event "Russian Championship B13 2016"]
[Site "Loo"]
[Date "2016.04.26"]
[Round "7.31"]
[White "Subatovich, Daniil"]
[Black "Boyko, Aleksandr"]
[Result "1-0"]
[WhiteElo "1763"]
[BlackElo "1635"]
[PlyCount "61"]
[EventDate "2016.04.20"]

1. e4 d6 2. d4 g6 3. Nc3 Bg7 4. Be3 Nf6 5. Qd2 Ng4 6. Bg5 h6 7. Bh4 O-O 8. h3
Nf6 9. f4 c6 10. Nf3 Qc7 11. O-O-O Nbd7 12. e5 dxe5 13. dxe5 Nh7 14. Bxe7 Re8
15. Bd6 Qd8 16. g3 Bf8 17. Ne4 Qb6 18. Bc4 a5 19. Bxf8 Rxf8 20. Nd6 Nc5 21. Qd4
Nd7 22. Nxc8 Raxc8 23. Qxd7 Rcd8 24. Qe7 Qe3+ 25. Nd2 Rd4 26. Bd3 Rfd8 27. Rhe1
Qxg3 28. e6 Qxf4 29. Rf1 Qd6 30. Qxf7+ Kh8 31. e7 1-0

[Event "Russian Championship B15 1st league 2016"]
[Site "Loo"]
[Date "2016.04.26"]
[Round "7.1"]
[White "Chizho, Aleksandr"]
[Black "Stepanov, Andrey"]
[Result "1/2-1/2"]
[WhiteElo "1893"]
[BlackElo "1922"]
[PlyCount "59"]
[EventDate "2016.04.20"]

1. d4 Nf6 2. c4 g6 3. Nc3 d5 4. cxd5 Nxd5 5. e4 Nxc3 6. bxc3 Bg7 7. Bc4 c5 8.
Ne2 Nc6 9. Be3 O-O 10. O-O Bd7 11. Rb1 Qc7 12. Qd2 Na5 13. Bd3 e5 14. f4 f6 15.
fxe5 fxe5 16. d5 b6 17. c4 Nb7 18. Bh6 Nd6 19. Bxg7 Kxg7 20. Qg5 Nb7 21. Ng3
Kh8 22. Rf6 Rae8 23. Rbf1 Rxf6 24. Qxf6+ Kg8 25. Qf7+ Kh8 26. Qf6+ Kg8 27. Qf7+
Kh8 28. Qf6+ Kg8 29. Qf7+ Kh8 30. Qf6+ 1/2-1/2

[Event "Russian Championship B15 1st league 2016"]
[Site "Loo"]
[Date "2016.04.26"]
[Round "7.2"]
[White "Suvorov, Aleksandr"]
[Black "Avalyan, Artur"]
[Result "0-1"]
[WhiteElo "1907"]
[BlackElo "2021"]
[PlyCount "124"]
[EventDate "2016.04.20"]

1. e4 g6 2. d4 Bg7 3. Nc3 d6 4. Be3 c6 5. Qd2 Nf6 6. f3 b5 7. g4 h5 8. g5 Nfd7
9. f4 Qa5 10. Nf3 Nb6 11. Nh4 e6 12. a3 Nc4 13. Bxc4 bxc4 14. O-O Na6 15. Rae1
Bd7 16. f5 gxf5 17. exf5 O-O-O 18. Ne4 Qd5 19. Nc3 Qa5 20. Ne4 Qd5 21. Nc3 Qa5
22. b4 cxb3 23. cxb3 c5 24. b4 Qc7 25. f6 Bf8 26. bxc5 dxc5 27. Bf4 Bd6 28.
Bxd6 Qxd6 29. Ne4 Qc7 30. Qe2 Nb8 31. Nxc5 Rhg8 32. Nf3 Bc6 33. Rc1 Qf4 34. Na6
Rxg5+ 35. Kh1 Rd6 36. Nb4 Kd7 37. Nxc6 Nxc6 38. Ne5+ Rxe5 39. dxe5 Qxe5 40.
Qxe5 Nxe5 41. Rc5 Ng4 42. Rxh5 Ne3 43. Re1 Nd5 44. Rh7 Ra6 45. Rb1 Rxa3 46.
Rxf7+ Kd6 47. Rbb7 Ke5 48. Rb1 Nxf6 49. Re1+ Ne4 50. Rh7 Ra4 51. Kg2 Kf6 52.
Rh6+ Kf7 53. h4 a5 54. h5 Ra2+ 55. Kg1 Ng5 56. Rf1+ Ke7 57. Rg6 Nh3+ 58. Kh1
Ra4 59. Kh2 Rh4 60. Kg3 Rxh5 61. Kg4 Rh8 62. Rf3 Ng1 0-1

[Event "Russian Championship B15 1st league 2016"]
[Site "Loo"]
[Date "2016.04.26"]
[Round "7.3"]
[White "Novikov, Roman"]
[Black "Permin, Viktor"]
[Result "1/2-1/2"]
[WhiteElo "2021"]
[BlackElo "1930"]
[PlyCount "80"]
[EventDate "2016.04.20"]

1. e4 e5 2. Nf3 Nc6 3. d4 exd4 4. Nxd4 Nf6 5. Nxc6 bxc6 6. e5 Qe7 7. Qe2 Nd5 8.
c4 Nb6 9. b3 Qe6 10. g3 a5 11. Bb2 a4 12. Bc3 axb3 13. axb3 Rxa1 14. Bxa1 Bb4+
15. Bc3 Bxc3+ 16. Nxc3 O-O 17. f4 f6 18. exf6 Qxf6 19. Kd2 d5 20. cxd5 cxd5 21.
Bg2 d4 22. Nd5 Qd6 23. Qe7 Qxe7 24. Nxe7+ Kh8 25. Rc1 Be6 26. Rxc7 Bxb3 27. Rb7
Nc4+ 28. Kc1 Ne3 29. Rxb3 Nxg2 30. Nf5 g5 31. Nxd4 gxf4 32. Ne6 Re8 33. Nxf4
Nxf4 34. gxf4 Re2 35. Rh3 Rf2 36. Rh4 Kg7 37. Kd1 Kg6 38. Ke1 Ra2 39. f5+ Kxf5
40. Rxh7 Kg4 1/2-1/2

[Event "Russian Championship B15 1st league 2016"]
[Site "Loo"]
[Date "2016.04.26"]
[Round "7.4"]
[White "Tyurin, Ilya"]
[Black "Marchenko, Nikolay"]
[Result "1/2-1/2"]
[WhiteElo "1860"]
[BlackElo "1995"]
[PlyCount "62"]
[EventDate "2016.04.20"]

1. e4 e6 2. d4 d5 3. Nc3 Bb4 4. e5 b6 5. Qg4 Bf8 6. Be3 Qd7 7. a3 Ba6 8. Bxa6
Nxa6 9. f4 h5 10. Qd1 Nh6 11. Nf3 Nf5 12. Bf2 c5 13. Qd2 Nb8 14. Ne2 Nc6 15.
O-O Be7 16. Rfd1 c4 17. g3 b5 18. h3 Kd8 19. b3 Kc7 20. bxc4 bxc4 21. Qc1 Rab8
22. Be1 Kb7 23. Kg2 Ka8 24. Bc3 Nh6 25. Qd2 Qc7 26. Nh2 Rhg8 27. Nf3 Rh8 28.
Nh2 Rhg8 29. Nf3 Rh8 30. Nh2 Rhg8 31. Nf3 Rh8 1/2-1/2

[Event "Russian Championship B15 1st league 2016"]
[Site "Loo"]
[Date "2016.04.26"]
[Round "7.5"]
[White "Mishin, Viacheslav"]
[Black "Asatryan, Gor"]
[Result "1-0"]
[WhiteElo "1949"]
[BlackElo "1853"]
[PlyCount "71"]
[EventDate "2016.04.20"]

1. e4 c5 2. Nf3 Nc6 3. c3 d6 4. d4 Nf6 5. Bd3 cxd4 6. cxd4 g6 7. O-O Bg7 8. Nc3
O-O 9. h3 e5 10. d5 Ne7 11. Qb3 Nd7 12. Be3 a6 13. a4 h6 14. Qa3 Nf6 15. Nd2
Ne8 16. Nc4 f5 17. Bb6 Qd7 18. a5 fxe4 19. Bxe4 Nf5 20. Bc2 Qe7 21. Ne4 h5 22.
Rac1 Bh6 23. Rcd1 g5 24. Ng3 Nxg3 25. fxg3 Rxf1+ 26. Rxf1 Bd7 27. Bg6 Bf8 28.
Rf7 Qxf7 29. Bxf7+ Kxf7 30. Be3 Be7 31. Nb6 Rd8 32. Nxd7 Rxd7 33. Qd3 Ng7 34.
Qf1+ Kg6 35. Qb1+ Kf7 36. Qc1 1-0

[Event "Russian Championship B15 1st league 2016"]
[Site "Loo"]
[Date "2016.04.26"]
[Round "7.6"]
[White "Vasiliev, Georgiy"]
[Black "Zhafyarov, Adel"]
[Result "1/2-1/2"]
[WhiteElo "1886"]
[BlackElo "1899"]
[PlyCount "88"]
[EventDate "2016.04.20"]

1. d4 Nf6 2. Nf3 e6 3. c4 d5 4. cxd5 exd5 5. Qc2 c6 6. Bg5 Nbd7 7. e3 Be7 8.
Nc3 O-O 9. Bd3 Re8 10. O-O Nf8 11. Rab1 Ne4 12. Bxe7 Qxe7 13. b4 a6 14. a4 Bd7
15. b5 axb5 16. axb5 Nxc3 17. Qxc3 Ra3 18. Rb3 Rea8 19. bxc6 bxc6 20. Rfb1 f6
21. Ne1 Qd6 22. Nc2 Rxb3 23. Rxb3 Ne6 24. Rb6 g6 25. Bf1 Kg7 26. Qb4 Qxb4 27.
Nxb4 Nd8 28. f3 Kf7 29. Ba6 Ke7 30. Nd3 Kd6 31. Nc5 Kc7 32. Rb2 Bc8 33. Bxc8
Kxc8 34. e4 dxe4 35. fxe4 Ra1+ 36. Kf2 Rd1 37. Ke3 Re1+ 38. Re2 Rxe2+ 39. Kxe2
Kc7 40. Ke3 Kd6 41. h4 h6 42. Kf4 h5 43. g4 hxg4 44. Kxg4 Ne6 1/2-1/2

[Event "Russian Championship B15 1st league 2016"]
[Site "Loo"]
[Date "2016.04.26"]
[Round "7.7"]
[White "Medvedev, Semen"]
[Black "Yashmetov, Nikolay"]
[Result "1/2-1/2"]
[WhiteElo "1856"]
[BlackElo "1896"]
[PlyCount "82"]
[EventDate "2016.04.20"]

1. e4 c5 2. Nc3 Nc6 3. f4 g6 4. Nf3 Bg7 5. Bb5 Nd4 6. O-O Nxb5 7. Nxb5 d5 8.
exd5 a6 9. Nc3 Nf6 10. d3 Nxd5 11. Ne5 O-O 12. Kh1 e6 13. Qf3 Kh8 14. Ne4 f6
15. Nc4 b5 16. Ne3 Qc7 17. Qf2 Nb6 18. Bd2 f5 19. Ng5 h6 20. Qh4 Kg8 21. Nf3
Bxb2 22. Rae1 Bg7 23. Nd1 Nd5 24. Ne5 Kh7 25. c4 Ne7 26. Bc3 b4 27. Bb2 Nc6 28.
Nxc6 Qxc6 29. Qe7 Ra7 30. Rxe6 Qa8 31. Bxg7 Rxe7 32. Rxe7 Rd8 33. Rfe1 Rd7 34.
Bb2+ Rxe7 35. Rxe7+ Kg8 36. Ne3 Qc6 37. Nd5 Be6 38. Re8+ Qxe8 39. Nf6+ Kf7 40.
Nxe8 Kxe8 41. Be5 Ke7 1/2-1/2

[Event "Russian Championship B15 1st league 2016"]
[Site "Loo"]
[Date "2016.04.26"]
[Round "7.8"]
[White "Poliakov, Artem"]
[Black "Prokofiev, Matvey"]
[Result "1-0"]
[WhiteElo "2168"]
[BlackElo "1875"]
[PlyCount "99"]
[EventDate "2016.04.20"]

1. d4 Nf6 2. c4 c5 3. d5 b5 4. Qc2 d6 5. e4 bxc4 6. Na3 g6 7. Nxc4 Nbd7 8. Nf3
Bg7 9. h3 O-O 10. Bd3 Nb6 11. O-O Nxc4 12. Bxc4 Nd7 13. Be3 Rb8 14. Rab1 Nb6
15. b3 Nxc4 16. bxc4 Rb6 17. Rxb6 axb6 18. Rb1 Bd7 19. Nd2 Qc7 20. Qb3 Rb8 21.
f4 b5 22. cxb5 Rxb5 23. Qc4 Rxb1+ 24. Nxb1 Qa5 25. Bd2 Qb6 26. Qc2 Bd4+ 27. Kh2
Qa6 28. Nc3 Qf1 29. Qd1 Qd3 30. Qe2 Qc2 31. Qd1 Qd3 32. Qe2 Qc2 33. Be1 Qc1 34.
Bd2 Qb2 35. Qd3 Bxc3 36. Bxc3 Qxa2 37. e5 Qf2 38. Qe4 Qh4 39. e6 fxe6 40. dxe6
Bc8 41. g3 Qh6 42. g4 Qf8 43. f5 Qe8 44. Qf4 Qb5 45. Qe3 Qc4 46. Kg3 Qd5 47.
Kh4 Qc4 48. Bb2 Qb5 49. Qc3 g5+ 50. Kxg5 1-0

[Event "Russian Championship B15 1st league 2016"]
[Site "Loo"]
[Date "2016.04.26"]
[Round "7.9"]
[White "Badalian, Daniel"]
[Black "Odegov, Artem"]
[Result "1-0"]
[WhiteElo "1898"]
[BlackElo "2063"]
[PlyCount "89"]
[EventDate "2016.04.20"]

1. e4 d5 2. exd5 Nf6 3. Bb5+ Bd7 4. Be2 Bf5 5. Bf3 Nbd7 6. d4 Nb6 7. c4 Qd7 8.
Qb3 Rb8 9. Bf4 Bxb1 10. Rxb1 Qf5 11. Rd1 Qxf4 12. Ne2 Qf5 13. c5 Nbxd5 14. Qa4+
c6 15. Qxa7 Qc8 16. Qa4 g6 17. b4 Bg7 18. Qb3 O-O 19. O-O Qc7 20. b5 Rbd8 21.
b6 Qb8 22. a4 Rfe8 23. a5 e5 24. dxe5 Qxe5 25. a6 bxa6 26. Nd4 Re6 27. Nxe6
fxe6 28. Rfe1 Qf5 29. Qc4 Bf8 30. Ra1 h5 31. Rxa6 Nd7 32. b7 Nxc5 33. Rxc6 Nxb7
34. Rcxe6 Bg7 35. Re8+ Rxe8 36. Rxe8+ Kh7 37. Qxd5 Qb1+ 38. Bd1 Nc5 39. Rd8 Qb4
40. Qd2 Bc3 41. Qe2 Ne4 42. Rd7+ Kh6 43. Bc2 Nf6 44. Qe3+ g5 45. Qd3 1-0

[Event "Russian Championship B15 1st league 2016"]
[Site "Loo"]
[Date "2016.04.26"]
[Round "7.10"]
[White "Zavialov, Nikita A"]
[Black "Marchuk, Rostislav"]
[Result "0-1"]
[WhiteElo "1883"]
[BlackElo "2039"]
[PlyCount "54"]
[EventDate "2016.04.20"]

1. e4 d6 2. d4 Nf6 3. Bd3 e5 4. c3 d5 5. dxe5 Nxe4 6. Nf3 Nc6 7. Bf4 Nc5 8. Bc2
Bg4 9. O-O Be7 10. h3 Bh5 11. Nbd2 a6 12. Nb3 Ne6 13. Bh2 Ng5 14. Bf5 Nxf3+ 15.
gxf3 Bg6 16. Qd3 Bf8 17. e6 Qg5+ 18. Kh1 Qxf5 19. exf7+ Qxf7 20. Rfe1+ Be7 21.
Qe2 O-O 22. Nd4 Nxd4 23. cxd4 Bd6 24. Rac1 Bh5 25. Qd3 Bxf3+ 26. Kg1 Bxh2+ 27.
Kxh2 Qf4+ 0-1

[Event "Russian Championship B15 1st league 2016"]
[Site "Loo"]
[Date "2016.04.26"]
[Round "7.11"]
[White "Adyrbaev, Albert"]
[Black "Gagarin, Vasily"]
[Result "1/2-1/2"]
[WhiteElo "2022"]
[BlackElo "1831"]
[PlyCount "90"]
[EventDate "2016.04.20"]

1. c4 Nf6 2. Nc3 b6 3. Nf3 Bb7 4. g3 e6 5. Bg2 Be7 6. O-O c5 7. d3 O-O 8. Rb1
d5 9. cxd5 Nxd5 10. a3 Nc6 11. Nxd5 exd5 12. Bf4 Re8 13. d4 Bf6 14. dxc5 bxc5
15. Qd2 Qb6 16. e3 Rad8 17. Qc2 d4 18. Rfc1 Be7 19. exd4 cxd4 20. Ng5 Bxg5 21.
Bxg5 Rc8 22. Qf5 Ne5 23. Be4 g6 24. Rxc8 Bxc8 25. Qf4 Qe6 26. Bg2 Ba6 27. h3 d3
28. Bf6 Qf5 29. Bxe5 Qxe5 30. Qxe5 Rxe5 31. Rd1 Re6 32. f3 Re3 33. Rd2 Re1+ 34.
Kf2 Rc1 35. Bf1 Rb1 36. b4 Rb3 37. Ke3 Rxa3 38. Bxd3 Rb3 39. Ke2 Bxd3+ 40. Rxd3
Rxb4 41. Ra3 Rb2+ 42. Ke3 Rb7 43. Ra6 Kg7 44. Kf4 f6 45. g4 Kf7 1/2-1/2

[Event "Russian Championship B15 1st league 2016"]
[Site "Loo"]
[Date "2016.04.26"]
[Round "7.12"]
[White "Slugin, Yaroslav"]
[Black "Hein, Vladimir"]
[Result "1-0"]
[WhiteElo "1989"]
[BlackElo "1866"]
[PlyCount "83"]
[EventDate "2016.04.20"]

1. d4 Nf6 2. Nf3 g6 3. Bg5 Bg7 4. Nbd2 d6 5. e4 O-O 6. c3 h6 7. Bf4 Bg4 8. h3
Bxf3 9. Qxf3 Nbd7 10. Bc4 Rb8 11. a4 c5 12. dxc5 Nxc5 13. Be3 b6 14. g4 Nfd7
15. Qe2 e6 16. h4 Ne5 17. h5 Nxc4 18. Qxc4 d5 19. exd5 exd5 20. Qe2 g5 21. Nf3
Ne6 22. O-O-O Qd7 23. Qc2 Rfd8 24. Rhg1 Qc6 25. Nd4 Nxd4 26. Bxd4 Bxd4 27. Rxd4
b5 28. f4 bxa4 29. Qxa4 Qb6 30. Qc2 Rdc8 31. fxg5 hxg5 32. Qd2 Kf8 33. Rg3 Rc4
34. Rxd5 Ra4 35. b4 Qc7 36. Rgd3 Raxb4 37. Rd8+ Kg7 38. Qxg5+ Kh7 39. Qf5+ Kg7
40. h6+ Kxh6 41. Rh3+ Kg7 42. Rh7# 1-0